Rast konkurencieschopnosti a rozvoj znalostnej ekonomiky v období technologických zmien v kontexte s vedno-technickou a inovačnou politikou

Konkurencieschopnosť ekonomiky je možné zabezpečiť hlavne tvorbou a využívaním moderných technológií, vhodných nástrojov a podmienok pre znalostnú ekonomiku. Medzi dôležité nástroje znalostnej ekonomiky patria napríklad vedná a technická politika, inovačná stratégia a inovačná politika, ktoré podpor...

Ausführliche Beschreibung

Gespeichert in:
Bibliographische Detailangaben
1. Verfasser: Mikulec, Vladimír
Format: Buchkapitel
Sprache:Slowakisch
Schlagworte:
Tags: Tag hinzufügen
Keine Tags, Fügen Sie das erste Tag hinzu!

MARC

LEADER 00000nla$a2200000$$$4500
001 0083576
005 20240502071935.3
041 0 |a slo 
044 |a SK 
245 1 0 |a Rast konkurencieschopnosti a rozvoj znalostnej ekonomiky v období technologických zmien v kontexte s vedno-technickou a inovačnou politikou  |c Vladimír Mikulec 
520 |a Konkurencieschopnosť ekonomiky je možné zabezpečiť hlavne tvorbou a využívaním moderných technológií, vhodných nástrojov a podmienok pre znalostnú ekonomiku. Medzi dôležité nástroje znalostnej ekonomiky patria napríklad vedná a technická politika, inovačná stratégia a inovačná politika, ktoré podporujú tvorbu a využívanie moderných technológií. Pre rozvoj znalostnej ekonomiky sa musí plne využiť talent a znalosti ľudí ich schopnosť nové technológie tvoriť, pracovať s neustále novými informáciami, produkovať nové poznatky a všetko to využívať ich v praxi. 
610 2 0 |a veda 
610 2 0 |a výskum 
610 2 0 |a inovácia 
610 2 0 |a konkurencia 
610 2 0 |a náklady 
610 2 0 |a financovanie 
100 1 |a Mikulec, Vladimír